[Event "GER-ch U10"]
[Site "Willingen"]
[Date "2005.05.17"]
[Round "6"]
[White "Fischer, Franziska"]
[Black "Bakalarz, Bianca"]
[Result "0-1"]
[WhiteElo "861"]
[BlackElo "983"]
[PlyCount "86"]
[EventDate "2005.05.14"]
[EventType "swiss"]
[EventRounds "11"]
[EventCountry "GER"]
[SourceTitle "CBM 106 Extra"]
[Source "ChessBase"]
[SourceDate "2005.07.01"]
[SourceVersion "1"]
[SourceVersionDate "2005.07.01"]
[SourceQuality "1"]

1. e4 c5 2. Nf3 Nc6 3. Bc4 Nf6 4. Nc3 e6 5. 0-0 d5 6. e5 dxc4 7. exf6 Qxf6 8. d3 cxd3 9. cxd3 Be7 10. Bg5 Qg6 11. Bh4 0-0 12. Bxe7 Nxe7 13. Ne5 Qf5 14. Re1 Rd8 15. Qd2 f6 16. g4 Qg5 17. Qxg5 fxg5 18. Rad1 b6 19. Nf3 Ng6 20. Nxg5 Nf4 21. Re3 c4 22. d4 Nd5 23. Nxd5 exd5 24. Rde1 Bxg4 25. h3 h6 26. hxg4 hxg5 27. Kg2 Rac8 28. Re7 a5 29. Rb7 Rb8 30. Ra7 Ra8 31. Rb7 Rdb8 32. Rc7 b5 33. Ree7 b4 34. Rxg7+ Kh8 35. Rg6 a4 36. Rxg5 b3 37. Rc6 Rb7 38. Rh6+ Rh7 39. Rhg6 bxa2 40. f4 a1Q 41. f5 Qxb2+ 42. Kf3 Rh3+ 43. Kf4 Qxd4# 0-1

[Event "GER-ch U10"]
[Site "Willingen"]
[Date "2005.05.16"]
[Round "5"]
[White "Bakalarz, Bianca"]
[Black "Zeller, Elisa"]
[Result "0-1"]
[WhiteElo "983"]
[BlackElo "794"]
[PlyCount "68"]
[EventDate "2005.05.14"]
[EventType "swiss"]
[EventRounds "11"]
[EventCountry "GER"]
[SourceTitle "CBM 106 Extra"]
[Source "ChessBase"]
[SourceDate "2005.07.01"]
[SourceVersion "1"]
[SourceVersionDate "2005.07.01"]
[SourceQuality "1"]

1. e4 e5 2. Nf3 Nc6 3. d4 exd4 4. Nxd4 Nf6 5. Nc3 Bb4 6. Bd3 Nxd4 7. Bd2 d6 8. 0-0 Bg4 9. Qc1 Bxc3 10. Bxc3 Ne2+ 11. Kh1 Nxc1 12. Raxc1 Qe7 13. Rfe1 0-0-0 14. e5 dxe5 15. Rxe5 Qd6 16. f3 Bd7 17. Rd1 Nd5 18. Bd4 f6 19. Ree1 Nf4 20. Bf1 Bf5 21. Be3 Qb4 22. Rc1 Qxb2 23. Bxf4 Rhe8 24. h3 Rxe1 25. Rxe1 Bxc2 26. Be2 g5 27. Bg3 h5 28. h4 g4 29. f4 Be4 30. f5 Rd3 31. Bf4 g3 32. Bc1 Qc2 33. Bf3 Bxf3 34. gxf3 Qh2# 0-1

[Event "GER-ch U10"]
[Site "Willingen"]
[Date "2005.05.15"]
[Round "3"]
[White "Greilich, Sophie"]
[Black "Bakalarz, Bianca"]
[Result "0-1"]
[WhiteElo "793"]
[BlackElo "983"]
[PlyCount "104"]
[EventDate "2005.05.14"]
[EventType "swiss"]
[EventRounds "11"]
[EventCountry "GER"]
[SourceTitle "CBM 106 Extra"]
[Source "ChessBase"]
[SourceDate "2005.07.01"]
[SourceVersion "1"]
[SourceVersionDate "2005.07.01"]
[SourceQuality "1"]

1. e4 c5 2. Nc3 Nc6 3. Nf3 Nf6 4. Bc4 e6 5. 0-0 d5 6. exd5 exd5 7. Bb5 Bd7 8. d3 d4 9. Bxc6 Bxc6 10. Ne2 Bxf3 11. gxf3 Be7 12. Ng3 0-0 13. Qd2 Re8 14. Qg5 Nd5 15. Qg4 Nf6 16. Qf5 g6 17. Qg5 Ne4 18. Qh6 Bg5 19. Bxg5 Qxg5 20. Qxg5 Nxg5 21. Ne4 Nh3+ 22. Kg2 Nf4+ 23. Kh1 Re6 24. Rg1 Ne2 25. Ng5 Re5 26. f4 Nxf4 27. Nf3 Re2 28. Rg4 Ne6 29. Re1 Rxf2 30. Ne5 Re8 31. Rg2 Rxg2 32. Kxg2 Nf4+ 33. Kg3 Nh5+ 34. Kg4 f6 35. Nf3 Rxe1 36. Nxe1 f5+ 37. Kg5 Kg7 38. Nf3 h6+ 39. Kh4 Kf6 40. a3 g5+ 41. Kxh5 g4 42. Ne1 Ke5 43. Kh4 Kf4 44. b4 b6 45. Ng2+ Kf3 46. Ne1+ Kf2 47. h3 g3 48. c3 dxc3 49. d4 Kxe1 50. d5 c2 51. d6 c1Q 52. bxc5 Qg5# 0-1